| 000 | 01667nam a22003977a 4500 | ||
|---|---|---|---|
| 003 | CHAP | ||
| 005 | 20220329140637.0 | ||
| 008 | 971013s1961 r 00010 d | ||
| 010 | _a55253 | ||
| 011 | _a56225 | ||
| 035 | _a60378 | ||
| 040 | _cCHAP | ||
| 082 |
_a526.9 _bY94 |
||
| 100 | 0 | 0 |
_aYemanú, Hailú. _9123069 |
| 245 | _aTopografía aplicada. Tesis de Ingeniero Agrónomo, especialista en irrigación | ||
| 260 |
_aChapingo, Méx., _c1961 |
||
| 300 |
_a357 p. _b: ilus. |
||
| 590 |
_aBATCH-UPD _b10 _c20130110 _lUCH01 _h1208 |
||
| 590 |
_aBATCH-UPD _b10 _c20130410 _lUCH01 _h0748 |
||
| 590 |
_aBATCH-UPD _b10 _c20130914 _lUCH01 _h2049 |
||
| 590 |
_aCONVERSION _b10 _c20130109 _lUCH01 _h1330 |
||
| 650 | 1 | 4 |
_aTopografía. _9113907 |
| 901 | _aBK | ||
| 942 | _cLIBRO | ||
| 949 |
_a526.9 Y94 _bBC _cLIBRO _d33724000135539 _eLIBRO _h10975 _i60378 _si |
||
| 949 |
_a526.9 Y94 _bBC _cLIBRO _d33724000135547 _eLIBRO _fc.4 _h10978 _i60378 _si |
||
| 949 |
_a526.9 Y94 _bBC _cLIBRO _d33724000135661 _eLIBRO _fc.7 _h10981 _i60378 _si |
||
| 949 |
_a526.9 Y94 _bBC _cLIBRO _d33724000135679 _eLIBRO _fc.13 _h10987 _i60378 _si |
||
| 949 |
_a526.9 Y94 _bBC _cLIBRO _d33724000135687 _eLIBRO _fc.11 _h10985 _i60378 _si |
||
| 949 |
_a526.9 Y94 _bBC _cLIBRO _d33724000403622 _eLIBRO _fc.9 _h10983 _i60378 _si |
||
| 949 |
_a526.9 Y94 _bBC _cLIBRO _d33724000403648 _eLIBRO _fc.15 _h10989 _i60378 _si |
||
| 949 |
_a526.9 Y94 _bBC _cLIBRO _d33724000617619 _eLIBRO _fc.2 _h10976 _i60378 _si |
||
| 949 |
_a526.9 Y94 _bBC _cLIBRO _d33724000665253 _eLIBRO _fc.16 _h10990 _i60378 _si |
||
| 949 |
_a526.9 Y94 _bBC _cLIBRO _d33724000792826 _eLIBRO _fc.8 _h10982 _i60378 _si |
||
| 949 |
_a526.9 Y94 _bBC _cUACH _d33724000403655 _eUACH _fc.18 _h26594 _i60378 _si |
||
| 999 |
_c55253 _d55253 |
||